Bórom dopované diamantové vrstvy pre elektrochemické aplikácie
Gespeichert in:
| 1. Verfasser: | |
|---|---|
| Weitere Verfasser: | |
| Format: | Manuskript Buch |
| Sprache: | Slowakisch |
| Veröffentlicht: |
2016
|
| Schlagworte: | |
| Online-Zugang: | http://is.stuba.sk/zp/portal_zp.pl?podrobnosti=106937 |
| Tags: |
Keine Tags, Fügen Sie das erste Tag hinzu!
|
MARC
| LEADER | 00000ntm a22000003a 4500 | ||
|---|---|---|---|
| 001 | stuzp55631 | ||
| 003 | SK-STU | ||
| 005 | 20160719154807.7 | ||
| 007 | ta | ||
| 008 | 150427s2015----xo-----f-mn---000-0-slo-d | ||
| 040 | |a STU |b slo | ||
| 041 | 0 | |a slo | |
| 044 | |a xo | ||
| 100 | 1 | |a Frkáň, Lukáš |u 033000 |4 aut |U FEI Fakulta elektrotechniky a informatiky |T FEI Ústav elektroniky a fotoniky |X 72631 |U E030 |Y 549 |7 72631 | |
| 242 | 0 | 1 | |a Boron dopped diamond layers for electrochemical applications |y eng |
| 245 | 1 | 0 | |a Bórom dopované diamantové vrstvy pre elektrochemické aplikácie |
| 260 | |c 2016 | ||
| 300 | |a 50 s., |b CD-ROM | ||
| 650 | 4 | |a HF CVD |2 slo | |
| 650 | 4 | |a Anodická stripovacia technika |2 slo | |
| 650 | 4 | |a bórom dopovaný diamant |2 slo | |
| 650 | 4 | |a boron doped diamond |2 eng | |
| 650 | 4 | |a HF CVD |2 eng | |
| 650 | 4 | |a Anodic stripping voltammetry |2 eng | |
| 700 | 1 | |a Vojs, Marian |u 033000 |k Z2 |4 ths |U FEI Fakulta elektrotechniky a informatiky |T FEI Ústav elektroniky a fotoniky |X 2979 |U E030 |Y 549 |7 A000002979 | |
| 856 | 4 | |u http://is.stuba.sk/zp/portal_zp.pl?podrobnosti=106937 | |
| 996 | |b 284ER02009 |c E*Bc- 2009 |l EE33 |s P |a 0 |w stuzp55631_0001 | ||
| SQL | |a stuzp55631 |b DBP |c SLO |d Bórom dopované diamantové vrstvy pre elektrochemické aplikácie |e 72631 |f Frkáň, Lukáš |g 033000 |h 2979 |i Vojs, Marian |j 20160707 |k 75 |l 03 |m http://is.stuba.sk/zp/portal_zp.pl?podrobnosti=106937 |n B-ELN |o 5.2.13. elektronika | ||